000
00216nam a2200097Ia 4500
999
_c
13724
_d
13724
082
_a
RR 010 BRE
245
0
_a
Essays on bibliography
260
_a
Metuchen
_b
Scarecrow, N.J.
_c
1975
300
_a
viii, 552p.
942
_c
BK